000 01085nam a2200313 i 4500
003 EG-GICUC
005 20260121101400.0
008 251129b1976 ua ||||fr|||| 00| 0 ara d
017 _a1976/4179
020 _a9773060284
040 _a EG-GICUC
_bara
_c EG-GICUC
_d EG-GICUC
_erda
041 0 _aara
082 0 4 _221
_a343.3062
_bم أ . ا
092 0 4 _221
099 _aLaw1 10 343.3062 م أ . ا 1976
100 0 _aمأمون محمد سلامة
_eمؤلف.
245 1 2 _aالإجراءات الجنائية في التشريع المصري /
_cدكتور مأمون محمد سلامة.
264 1 _aالقاهرة :
_bدار الفكر العربى،
_c1976.
300 _a638 صفحة ؛
_c24 سم.
336 _2rda content
_atext
337 _2rda media
_aComputer
338 _2rda carrier
_aOnline Resource
546 _aالنص باللغة العربية
650 1 4 _aسلطة التحقيق
650 1 4 _aالقانون الجنائي
856 4 0 _uhttps://fll.law.cu.edu.eg/fulltext/bks/B10-05512.pdf
905 _a77
_eHassnaa
942 _2ddc
_cBK
_e21
_n0
999 _c46956
_d46956